Classement Forbes des femmes les plus puissantes du monde - Statistiques

Statistiques générales
  • Ce quiz a été pris 96 fois
  • Le résultat moyen est 26 sur 113
Statistiques - réponses
2004 Pays Nom % Correct
1 | 4 Allemagne Angela Merkel
98%
5 Etats-Unis Hillary Clinton
66%
1 | 4 Etats-Unis Michelle Obama
62%
2 | 5 Etats-Unis Hilary Clinton
60%
2 | 3 | 5 France Christine Lagarde
34%
2 | 3 Etats-Unis Kamala Harris
31%
2 Royaume-Uni Theresa May
24%
1 | 4 Allemagne Ursula von der Leyen
15%
3 Etats-Unis Oprah Winfrey
14%
4 Etats-Unis Laure Bush
13%
2 | 3 | 4 Brésil Dilma Roussef
11%
3 Inde Sonia Gandhi
8%
3 | 4 | 5 Etats-Unis Melinda Gates
7%
3 Etats-Unis Nancy Pelosi
6%
1 | 2 | 4 Etats-Unis Condoleezza Rice
3%
2 | 3 | 4 Etats-Unis Janet Yellen
1%
4 | 5 Etats-Unis Mary Barra
1%
5 Etats-Unis Abigail Johnson
0%
4 Etats-Unis Angela Braly
0%
5 Etats-Unis Anne Mulcahy
0%
4 | 5 Royaume-Uni Cynthia Carroll
0%
4 Philippines Gloria Macapagal-Arroyo
0%
3 | 5 Singapour Ho Ching
0%
3 | 4 | 5 Inde Indra Nooyi
0%
3 Ukraine Ioula Tymochenko
0%
2 Etats-Unis Irene Rosenfeld
0%
5 Etats-Unis Jill Abramson
0%
1 Etats-Unis MacKenzie Scott
0%
5 Etats-Unis Meg Whitman
0%
2005 | 2006 | 2007 | +15 others Pays Nom
0%
2 Etats-Unis Sheila Bair
0%
4 | 5 Etats-Unis Sheryl Sandberg
0%
2 | 3 Chine Wu Yi
0%
Aucun quiz correspondant
Distribution des résultats
% des personnes avec chaque résultat
Percentile par nombre de réponses
Votre historique - résultats
Vous n’avez pas pris ce quiz